Pojišťovny řízení rizik zaostávají za bankami

Zaostávanie poisťovacích ústavov za bankovými domami v oblasti riadenia rizík a kapitálovej primeranosti. Ako vyplýva z výskumu, problémom je chápanie vzájomných vzťahov medzi rôznymi typmi rizík. Otázky pri implementácii systémov, ktoré sa v súvislosti s novouplatňovanými metódami riadenia rizík v...

Descrizione completa

Salvato in:
Dettagli Bibliografici
Autore principale: Lozsi, Imrich
Natura: Capitolo di libro
Lingua:ceco
Soggetti:
Tags: Aggiungi Tag
Nessun Tag, puoi essere il primo ad aggiungerne!!

MARC

LEADER 00000naa$a2200000$$$4500
001 0025013
005 20231010083411.6
041 0 |a cze 
044 |a CZ 
245 1 0 |a Pojišťovny řízení rizik zaostávají za bankami  |c Imrich Lozsi 
520 |a Zaostávanie poisťovacích ústavov za bankovými domami v oblasti riadenia rizík a kapitálovej primeranosti. Ako vyplýva z výskumu, problémom je chápanie vzájomných vzťahov medzi rôznymi typmi rizík. Otázky pri implementácii systémov, ktoré sa v súvislosti s novouplatňovanými metódami riadenia rizík v poisťovniach objavujú. Smernica Európskej komisie Solvency II, ktorá by mala prinútiť poisťovne, aby mali takú úroveň kapitálu, aká zodpodvedá skutočným rizikám, ktorým čelia. 
610 2 0 |a poisťovne 
610 2 0 |a riziko 
610 2 0 |a riziko poistné 
610 2 0 |a risk management 
610 2 0 |a primeranosť kapitálová 
610 2 0 |a kapitál 
610 2 0 |a modely 
610 2 0 |a poisťovatelia 
100 1 |a Lozsi, Imrich